000
00308nam a22001337a 4500
008
180927b xxu||||| |||| 00| 0 eng d
020
_a
007017898
041
_a
eng
080
_a
341
100
_a
15
101
_a
SHJ
245
_a
RICO in Business and Commercial Litigation
_c
Roddy, K.P
942
_2
udc
_c
BK
999
_c
48605
_d
48605